000 01835cam a2200349 i 4500
001 768714001
003 CO-MdFUSB
005 20230308144535.0
007 ta
008 980720t1998 miu b 001 0 eng
020 _a0801058287
040 _aDLC
_cCO-MdFUSB
_dDLC
_bspa
_erda
041 _aeng
082 0 0 _a221.6
_223
_bL856
100 1 _aLongman, Tremper,
245 1 0 _aMaking sense of the Old Testament :
_bthree crucial questions
_c/ Tremper Longman
264 1 _aGrand Rapids, Mich. :
_bBaker Books,
_c[1998]
264 4 _c© 1998
300 _a154 páginas ;
_c22 cm.
336 _2rdacontent
_atexto
_btxt
337 _2rdamedia
_asin mediación
_bn
338 _2rdacarrier
_avolumen
_bnc
504 _aIncluye referencias bibliográficas (p. 137-143) e índices.
505 _a¿Cuáles son las claves para entender el Antiguo Testamento? -- ¿Es el Dios del Antiguo Testamento también el Dios del Nuevo Testamento? --¿Cómo ha de aplicar el cristiano el Antiguo Testamento a la vida?
520 _a"¿Cuáles son las claves para entender el Antiguo Testamento? ¿El Dios del Antiguo Testamento es también el Dios del Nuevo Testamento? ¿Cómo ha de aplicar el cristiano el Antiguo Testamento a la vida?" "Los cristianos a menudo enfrentan una serie de obstáculos para su comprensión del Antiguo Testamento y se encuentran a una distancia del texto antiguo. Estos obstáculos incluyen diferencias en la cultura, cosmovisiones, tradiciones, idioma y geografía. Longman nos ayuda a aceptar estas diferencias y proporciona principios prácticos para entender lo que dice el Antiguo Testamento".
563 _aRústico
630 0 7 _aBiblia.
_pAntiguo Testamento
_xCrítica, interpretación, etc.
650 7 _9320
_aTeología bíblica
942 _cBK
945 _aJTF-925
999 _c68534
_d68534